| 000 | 00000nam##2200000za#4500 |
| 001 | 9.532428 |
| 003 | CaOODSP |
| 005 | 20200401033951 |
| 007 | ta |
| 008 | 150406|1999||||xxc||||| f|0| 0 eng|d |
| 020 | |a0-660-61026-4 |
| 040 | |aCaOODSP|beng |
| 041 | |aeng |
| 041 | |afre |
| 043 | |an-cn--- |
| 086 | 1 |aBT31-4/14-1999 |
| 110 | 1 |aCanada. |bTreasury Board. |
| 245 | 10|aTransport Canada |
| 260 | |aOttawa - Ontario : |bTreasury Board of Canada Secretariat |c1999. |
| 300 | |aEnglish text, 68p. : |btables ; |c28 cm. |
| 490 | 1 |aPerformance report for the period ending March 31, 1999 |
| 546 | |aBilingual |
| 563 | |aSoftcover |
| 590 | |a99-43|b1999-10-29 |
| 690 | 07|aBudgets|2gcpds |
| 690 | 07|aFinancial management|2gcpds |
| 690 | 07|aProductivity|2gcpds |
| 776 | 0#|tTransport Canada, performance report for the period ending March 31, 1999 |w(CaOODSP)9.568988 |
| 776 | 0#|tTransports Canada, rapport sur le rendement pour la période se terminant le 31 mars 1999 |w(CaOODSP)9.600230 |
| 792 | |tTransports Canada |efre|w(CaOODSP)9.532429 |
| 830 | #0|aPerformance report for the period ending March 31, 1999.|w(CaOODSP)9.508976 |